Textbook Of Hydraulic Machines (Record no. 323127)

MARC details
000 -LEADER
fixed length control field 00493nam a2200157Ia 4500
008 - FIXED-LENGTH DATA ELEMENTS--GENERAL INFORMATION
fixed length control field 230718s9999 xx 000 0 und d
041 ## - LANGUAGE CODE
Language code of text/sound track or separate title eng
082 ## - DEWEY DECIMAL CLASSIFICATION NUMBER
Classification number 620.106
Item number RAJ
100 ## - MAIN ENTRY--PERSONAL NAME
Personal name Rajput R.K.
9 (RLIN) 137180
245 ## - TITLE STATEMENT
Title Textbook Of Hydraulic Machines
Remainder of title Fluid Mechanics And Hydraulic Machines, Part-II
260 ## - PUBLICATION, DISTRIBUTION, ETC. (IMPRINT)
Date of publication, distribution, etc. 2010
Name of publisher, distributor, etc. S. Chand And Company
300 ## - PHYSICAL DESCRIPTION
Extent 1003 to 1373
365 ## - TRADE PRICE
Currency code Rs.
Price amount 175.00
700 ## - ADDED ENTRY--PERSONAL NAME
Personal name Rajput R.K.
9 (RLIN) 137180
906 ## - LOCAL DATA ELEMENT F, LDF (RLIN)
d O:0037004-Nov-2009B:209426-Oct-2009
c MECH
b 131.25
Holdings
Withdrawn status Lost status Damaged status Not for loan Home library Current library Date acquired Vendor Budget Code Cost, normal purchase price Bill number Total Checkouts Full call number Barcode Date last seen Date last checked out Discount Cost, replacement price Bill Date Koha item type Original Barcode
        Cummins College of Engineering for Women Pune Cummins College of Engineering for Women Pune 04/11/2009 Om Book Stall MECH 148.75 2094 16 620.106 CCEP-BK-34334 12/02/2026 29/01/2026 131.25 175.00 26/10/2009 Books 034334